| 000 | 00339nam a22001457a 4500 | ||
|---|---|---|---|
| 003 | OSt | ||
| 005 | 20211222145455.0 | ||
| 008 | 211222b |||||||| |||| 00| 0 eng d | ||
| 020 | _a9788186340080 | ||
| 040 | _cHU | ||
| 082 | _a00422/RAF | ||
| 100 |
_aRafiquzzaman _924340 |
||
| 245 | _aModern Computer Architecture | ||
| 942 |
_2ddc _cBOOKS _n0 |
||
| 999 |
_c23478 _d23478 |
||